International trade and global civil society / (Record no. 19104)

MARC details
000 -LEADER
fixed length control field 01068nam a22002777a 4500
008 - FIXED-LENGTH DATA ELEMENTS--GENERAL INFORMATION
fixed length control field 081125t xxu||||| |||| 00| 0 eng d
010 ## - LCCN (DPL NO)
LC control number ENG-91822
020 ## - INTERNATIONAL STANDARD BOOK NUMBER
International Standard Book Number 9780415479868
Terms of availability 695.00
035 ## - SYSTEM CONTROL NUMBER
System control number EN-75355
037 ## - SOURCE OF ACQUISITION
Source of stock number/acquisition DBAD / PUB
040 ## - CATALOGING SOURCE
Original cataloging agency dpl
Language of cataloging English
082 ## - DEWEY DECIMAL CLASSIFICATION NUMBER
Classification number 382.1
100 ## - MAIN ENTRY--PERSONAL NAME
Personal name Dev Nathan
245 ## - TITLE STATEMENT
Title International trade and global civil society /
Statement of responsibility, etc by Dev Nathan, D. Narasimha Reddy [and] Govind Kelkar
260 ## - PUBLICATION, DISTRIBUTION, ETC. (IMPRINT)
Place of publication, distribution, etc New Delhi
Name of publisher, distributor, etc Routledge
Date of publication, distribution, etc 2008
270 ## - ADDRESS
Address 912-915, Tolstoy House, 15-17, Tolstoy Marg,
City New Delhi
Postal code 110001
300 ## - PHYSICAL DESCRIPTION
Extent xiv, 304p.
Dimensions 23cm (Hb)
500 ## - GENERAL NOTE
General note Includes bibliographical references and index
650 ## - SUBJECT ADDED ENTRY--TOPICAL TERM
Topical term or geographic name as entry element International economic relations.
650 ## - SUBJECT ADDED ENTRY--TOPICAL TERM
Topical term or geographic name as entry element International trade.
650 ## - SUBJECT ADDED ENTRY--TOPICAL TERM
Topical term or geographic name as entry element Civil society
700 ## - ADDED ENTRY--PERSONAL NAME
Personal name Reddy, D. Narasimha
700 ## - ADDED ENTRY--PERSONAL NAME
Personal name Kelkar, Govind
942 ## - ADDED ENTRY ELEMENTS (KOHA)
Source of classification or shelving scheme Dewey Decimal Classification
Item type English Books
Call number suffix DEV
Classification part 382.1
Holdings
Withdrawn status Lost status Source of classification or shelving scheme Damaged status Not for loan Collection code Home library Current library Date acquired Source of acquisition Cost, normal purchase price Total Checkouts Full call number Barcode Date last seen Copy number Cost, replacement price Koha item type
    Dewey Decimal Classification   Not For Loan Non-fiction D.B.Act.Division D.B.Act.Division 25/11/2008 DBAD / PUB 695.00   382.1 DEV EN-75355 25/11/2008 1 695.00 English Books

© Delhi Public Library
Hit Counter
free hit counter